000 00336nam a2200133Ia 4500
008 191201s2005 xx 000 0 und d
082 _a005.133
_bJAJ
100 _aJANA, Debashish
245 0 _aJAVA and Object Oriented Programming Paradigm
260 _aN.Delhi
_bPHI
_c2005
300 _a636
650 _aB.Tech(CSE)
942 _2ddc
_cBK
999 _c1298
_d1298